| 000 | 00484nam a22001937a 4500 | ||
|---|---|---|---|
| 003 | NUST - PNEC | ||
| 005 | 20170116180852.0 | ||
| 008 | 150826b xxu||||| |||| 00| 0 eng d | ||
| 020 | _a9780070138186 | ||
| 020 | _a0070138184 | ||
| 040 | _cLIBRARY | ||
| 082 | _a604.2 BOU | ||
| 100 |
_95802 _aBoundy, A.W. |
||
| 245 |
_aEngineering drawing _cA.W. Boundy |
||
| 250 | _aThird Edition | ||
| 260 |
_aMcGraw Hill _bc2007 |
||
| 650 |
_95788 _aMechanical drawing _xME |
||
| 942 |
_2ddc _cBK |
||
| 999 |
_c64680 _d64680 |
||